000 00799nam a2200277Ia 4500
003 OSt
005 20221005051646.0
006 a|||||r|||| 00| 0
007 ta
008 221004b |||||||| |||| 00| 0 eng d
020 _a0 370 31952 4
024 _a39686
037 _cTextual
040 _aCRL
_cCRL
_beng
041 _2eng
_aeng
082 _aa811,173, N4
100 _aAvery Gillian
_9596281
110 _aGift from Prof Amitava Banerjee, London
245 0 _aBehold the child
_b American children and their books 1621-1922
260 _aLondon
_bBodley Head UK
_c1994
300 _a226p.
_ccm.
650 _aBIBLIOGRAPHY
700 _aGift from Prof Amitava Banerjee, London
942 _ha811,173, N4
_cTEXL
_2cc
999 _c959141
_d959141